1045 1163 1875 1042 1783 1837 1328 1366 1253 1062 1856 1391 1848 1485 1407 1649 1235 1728 1718 1159 1719 1557 1657 1277 1293 1370 1822 1288 1641 1496 1510 1500 1957 1856 1998 1175 1010 1765 1655 1577 1381 1096 1708 1872 1157 1397 1513 1412 1124 1144 1283 1839 1051 1960 1645 1655 1483 1228 1136 1539 1467 1961 1833 1450 1641 1078 1915 1217 1522 1674 1713 1192 1080 1387 1520 1510 1862 1969 1844 1651 1013 1409 1648 1895 1803 1336 1897 1712 1949 1192 1024 1457 1173 1581 1844 1502 1962 1784 1536 BCNSPRNW ULIB Ver.6.0+V

เปลี่ยนเป็นภาษาไทย

Change to English
 แสดงรายละเอียดบรรณานุกรม
  กลับหน้าหลัก

Brief Record : Get Marc (ISO 2709) : E-mail record : QR code < ปิดหน้าต่าง
LEADER : 00000nam 2200000uu 4500
001    13399128465
003     ULIB
008    020711s2022 th a 000 0 eng d
020    ^a9781119807926
060    ^aWY100^bC585M
100    ^aClaire Boyd
245    ^aMedicine Management Skills for Nurses (Student Survival Skills)
250    ^a2nd ed
260    ^aHoboken, NJ :^bWiley-Blackwell,^c2022
300    ^a319 pages;^c21 cm
650    ^aClinical pharmacology
945    ^p940^l0^i010209
999    ^aประนอม เกษจรัล
รายการนี้ยังไม่มีแท็ก
คุณยังไม่ได้ล็อกอิน คุณสามารถมีกิจกรรมร่วมกับเว็บไซต์ได้ แต่ต้องล็อกอินก่อน ::
  ล็อกอิน

รายการสื่อสารสนเทศ

ลำดับที่ ประเภท เลขเรียก/บาร์โค้ด สถานที่ สถานะ
1. Book การพยาบาล
หนังสือสำรอง
สถานะ=หนังสือสำรอง
WY100 C585M ฉ.1 
  Barcode: 010209
ห้องสมุดวิทยาเขตสวรรค์ประชารักษ์
►หนังสือทั่วไป
บนชั้น

BibComment


ยังไม่เคยถูกคอมเมนท์

คอมเมนท์ทรัพยากรรายการนี้
  คอมเมนท์: Medicine Managem..


 Copyright 2026. Bcnsprnw @Library